Ναι ή όχι στην πρώιμη ανάγνωση
Αποθηκεύτηκε σε:
| Κύριος συγγραφέας: | |
|---|---|
| Μορφή: | Βιβλίο |
| Γλώσσα: | Greek |
| Δημοσίευση: |
Ηράκλειο :
[χ.ό.],
1977.
|
| Σειρά: | Παιδαγωγική Ακαδημία Ηρακλείου ;
3 |
| Θέματα: | |
| Ετικέτες: |
Προσθήκη ετικέτας
Δεν υπάρχουν, Καταχωρήστε ετικέτα πρώτοι!
|
MARC
| LEADER | 00000cam a2200000 i 4500 | ||
|---|---|---|---|
| 001 | 1/88795 | ||
| 008 | 080613s1977 gr | ||| |||| ||gre|| | ||
| 035 | |l 10098198 | ||
| 040 | |a GR-MyUa |b gre |e AACR2 | ||
| 041 | 0 | |a gre | |
| 082 | 7 | |a 372.4 |2 (22) | |
| 100 | 1 | |a Παπαγεωργίου, Γεώργιος Κ., |d 1926- | |
| 245 | 1 | 0 | |a Ναι ή όχι στην πρώιμη ανάγνωση / |c Γ.Κ. Παπαγεωργίου. |
| 260 | |a Ηράκλειο : |b [χ.ό.], |c 1977. | ||
| 300 | |a 19 σ. ; |c 20 εκ. | ||
| 490 | 1 | |a (Παιδαγωγική Ακαδημία Ηρακλείου ; |v 3) | |
| 650 | 0 | 0 | |a Reading (Early childhood) |
| 650 | 0 | 0 | |a Reading, Psychology of. |
| 650 | 0 | 0 | |a Reading (Elementary) |
| 830 | 0 | |a Παιδαγωγική Ακαδημία Ηρακλείου ; |v 3 | |
| 852 | |a INST |b RHODES |c AKA |e 20080613 |h 372.4 ΠΑΠ |p 005400028002 |q 005400028002 |t BK |y 0 | ||
| 901 | |a BIBL4-2008-2 | ||
| 970 | |a ΧΑΡΙΟΠΟΛΙΤΟΥ |b ΚΩΝΣΤΑΝΤΙΝΑ |z 2008/06/13 | ||